000 00726nam a2200193 a 4500
001 000045148
005 20240409073826.0
008 150205s2011 dr a 000 j spa d
040 _aDO-SdBNP
_bspa
_cBNPHU
082 _aRD863.5
_bP349e
100 1 _aPeña, Porfirio
_963145
245 1 0 _aEmilia y el dinosaurio :
_bcuentos para niños y jóvenes /
_cPorfirio Peña Bernald ; prólogo Ricardo Vega.
260 _aSanto Domingo :
_bUn Amigo para Leer,
_c2011.
300 _a70 p. :
_bil. ;
_c21 cm.
500 _aIncluye datos biográficos del autor en la solapa de la contracubierta.
650 0 _aCuentos infantiles dominicanos
_9505
650 4 _aLiteratura infantil dominicana
_9441
700 1 2 _aVega, Ricardo
_epról.
_963146
999 _c44637
_d44637